Negotiating the complexities of qualitative research in higher education : (Record no. 52510)
[ view plain ]
| 000 -LEADER | |
|---|---|
| fixed length control field | 00649nam a2200217Ia 4500 |
| 005 - DATE AND TIME OF LATEST TRANSACTION | |
| control field | 20260429112130.0 |
| 008 - FIXED-LENGTH DATA ELEMENTS--GENERAL INFORMATION | |
| fixed length control field | 260429s9999||||xx |||||||||||||| ||und|| |
| 020 ## - INTERNATIONAL STANDARD BOOK NUMBER | |
| International Standard Book Number | 9781032940366 |
| 041 ## - LANGUAGE CODE | |
| Language | English |
| 082 ## - DEWEY DECIMAL CLASSIFICATION NUMBER | |
| Classification number | 001.4 |
| Item number | JON |
| 100 ## - MAIN ENTRY--PERSONAL NAME | |
| Personal name | Jones, Susan R. |
| 245 #0 - TITLE STATEMENT | |
| Title | Negotiating the complexities of qualitative research in higher education : |
| Remainder of title | essential elements and issues / |
| Statement of responsibility, etc | Susan R. Jones |
| 250 ## - EDITION STATEMENT | |
| Edition statement | 3rd ed. |
| 260 ## - PUBLICATION, DISTRIBUTION, ETC. (IMPRINT) | |
| Place of publication, distribution, etc | New York : |
| Name of publisher, distributor, etc | Routledge, |
| Date of publication, distribution, etc | 2025. |
| 300 ## - PHYSICAL DESCRIPTION | |
| Extent | xviii, 324 p.; pbk |
| 650 ## - SUBJECT ADDED ENTRY--TOPICAL TERM | |
| Topical term or geographic name as entry element | Higher education |
| 650 ## - SUBJECT ADDED ENTRY--TOPICAL TERM | |
| Topical term or geographic name as entry element | Qualitative research |
| 700 ## - ADDED ENTRY--PERSONAL NAME | |
| Personal name | Arminio, Jan |
| 700 ## - ADDED ENTRY--PERSONAL NAME | |
| Personal name | Torres, Vasti |
| 942 ## - ADDED ENTRY ELEMENTS (KOHA) | |
| Koha item type | Text Books |
| Withdrawn status | Lost status | Damaged status | Not for loan | Collection code | Home library | Location | Shelving location | Date of Cataloging | Source of acquisition | Total Checkouts | Full call number | Barcode | Date last seen | Price effective from | Koha item type |
|---|---|---|---|---|---|---|---|---|---|---|---|---|---|---|---|
| Non-fiction | CUTN Central Library | CUTN Central Library | Generalia | 29/04/2026 | TBH Library Book Suppliers, Chennai - Invoice No. SINV00732 on 09-02-2026 | 001.4 JON | 57609 | 29/04/2026 | 29/04/2026 | Text Books |
